00245nam a2200109Ia 4500008004100000100001600041245001500057260002500072650001400097942000700111999001700118190216s9999||||xx |||||||||||||| ||und|| aAruna Dixit 0aGadyy Mala bNiranjan Publication aMalayalam cBK c26471d26471